00349nam a2200145Ia 4500008004100000020001500041041001200056082001600068100001400084245004300098260002500141300000800166650001500174700001400189221030s9999 xx 000 0 und d a0074620940 aEnglish a105.23bBur aG. Burton 0aManagement Today Principles & Practice bTMHaNew Delhic2004 a608 aManagement aM. Thakur